| Tag |
First Indicator |
Second Indicator |
Subfields |
| LEADER |
00000cam a2200000 a 4500 |
| 001 |
in00002676913 |
| 005 |
20151202113041.0 |
| 008 |
100126s2010 mau b 001 0 eng |
| 010 |
|
|
|a 2010000386
|
| 020 |
|
|
|a 9780262515627 (pbk. : alk. paper)
|
| 020 |
|
|
|a 0262515628 (pbk. : alk. paper)
|
| 020 |
|
|
|a 9780262014519 (hardcover : alk. paper)
|
| 020 |
|
|
|a 0262014513 (hardcover : alk. paper)
|
| 035 |
|
|
|a (OCoLC)ocn502303920
|
| 040 |
|
|
|a DLC
|c DLC
|d UtOrBLW
|
| 049 |
|
|
|a TXAM
|
| 050 |
0 |
0 |
|a HD2329
|b .R43 2010
|
| 082 |
0 |
0 |
|a 330.9/034
|2 22
|
| 245 |
0 |
0 |
|a Reconceptualizing the Industrial Revolution /
|c edited by Jeff Horn, Leonard N. Rosenband, and Merritt Roe Smith.
|
| 264 |
|
1 |
|a Cambridge, Mass. :
|b MIT Press,
|c [2010]
|
| 264 |
|
4 |
|c ©2010
|
| 300 |
|
|
|a vi, 356 pages ;
|c 23 cm.
|
| 336 |
|
|
|a text
|b txt
|2 rdacontent
|
| 337 |
|
|
|a unmediated
|b n
|2 rdamedia
|
| 338 |
|
|
|a volume
|b nc
|2 rdacarrier
|
| 490 |
1 |
|
|a Dibner Institute studies in the history of science and technology
|
| 504 |
|
|
|a Includes bibliographical references and index.
|
| 650 |
|
0 |
|a Industrial revolution.
|
| 650 |
|
0 |
|a Industrialization.
|
| 650 |
|
0 |
|a Economic history.
|
| 650 |
|
0 |
|a Technological innovations
|x History.
|
| 700 |
1 |
|
|a Horn, Jeff
|c (Historian)
|
| 700 |
1 |
|
|a Rosenband, Leonard N.
|
| 700 |
1 |
|
|a Smith, Merritt Roe,
|d 1940-
|
| 830 |
|
0 |
|a Dibner Institute studies in the history of science and technology.
|
| 945 |
|
|
|a PromptCat
|b 154995
|
| 946 |
|
|
|a stk
|
| 947 |
|
|
|a A14840548697
|
| 948 |
|
|
|a cataloged
|b h
|c 2010/12/2
|d c
|e dmitchel
|f 2:30:20 pm
|
| 994 |
|
|
|a 92
|b TXA
|
| 999 |
|
|
|a MARS
|
| 999 |
f |
f |
|s 20a66880-4f7a-3f73-9f2c-e04b6291a06e
|i bd89e358-3ec6-3844-bebb-2bfc591ac452
|t 0
|
| 952 |
f |
f |
|p normal
|a Texas A&M University
|b College Station
|c Sterling C. Evans Library
|d Evans: Library Stacks
|t 0
|e HD2329 .R43 2010
|h Library of Congress classification
|i unmediated -- volume
|m A14840548697
|
| 998 |
f |
f |
|a HD2329 .R43 2010
|t 0
|l Evans: Library Stacks
|